Βανιώ 1927-2000
Αποθηκεύτηκε σε:
| Άλλοι συγγραφείς: | , |
|---|---|
| Μορφή: | Βιβλίο |
| Γλώσσα: | Greek |
| Δημοσίευση: |
[χ.τ.] :
[χ.έ.],
2002
|
| Θέματα: | |
| Ετικέτες: |
Προσθήκη ετικέτας
Δεν υπάρχουν, Καταχωρήστε ετικέτα πρώτοι!
|
MARC
| LEADER | 00000cam a2200000 i 4500 | ||
|---|---|---|---|
| 001 | 1/31021 | ||
| 008 | 060614s2002 gre d | ||
| 035 | |l 10084298 | ||
| 040 | |a GR-MY-UA |b gre |e aacr | ||
| 041 | 0 | |a gre | |
| 082 | 0 | |a 759.95 ΒΑΝ |2 (22) | |
| 245 | 1 | 0 | |a Βανιώ 1927-2000 / |c επιμέλεια κειμένων Ζωή Χρονοπούλου, φωτογράφηση Τζέλη Χατζηδημητρίου |
| 260 | |a [χ.τ.] : |b [χ.έ.], |c 2002 | ||
| 300 | |a 55 σ.; |b φωτ.; |c 25 εκ. | ||
| 500 | |a Η έκδοση συνοδεύει την αναδρομική έκθεση της Βανιώς και πραγματοποιήθηκε με πρωτοβουλία της Θ.Ο.Μ. "Άστεγοι" με την αρωγή του Υπουργείου Αιγαίου | ||
| 600 | 1 | 0 | |a Βανιώ |d 1927-2000. |
| 650 | 0 | 0 | |a Sculpture |z Greece. |
| 650 | 0 | 0 | |a Painting |z Greece. |
| 700 | 1 | |a Χρονοπούλου, Ζωή. |4 edt | |
| 700 | 1 | |a Χατζηδημητρίου, Τζέλη Ε. |4 ill | |
| 852 | |a INST |b LESVOS |e 20060614 |h 759.95 ΒΑΝ |p 005100037534 |q 005100037534 |t BK |y 0 | ||
| 901 | |a BIBL1-2006-2 | ||
| 909 | |a Λ |b 128625 | ||
| 970 | |a ΚΑΜΑΤΣΟΥ |b ΔΕΣΠΟΙΝΑ |z 2006/06/14 | ||